Statistics for Daedra Princes in Oblivion

Click here to take the quiz!

General Stats

  • This quiz has been taken 83 times
  • The average score is 11 of 15

Answer Stats

HintAnswer% Correct
Azura's StarAzura
100%
Masque of Clavicus VileClavicus Vile
97%
Mace of Molag BalMolag Bal
97%
Ring of NamiraNamira
96%
WabbajackSheogorath
94%
Sanguine RoseSanguine
89%
Savior's HideHircine
85%
Skeleton KeyNocturnal
85%
VolundrungMalacath
73%
GoldenbrandBoethia
69%
SpellbreakerPeryite
63%
Skull of CorruptionVaermina
62%
Ring of KhajiitiMeridia
59%
Ebony BladeMephala
58%
Oghma InfiniumHermaeus Mora
8%

Score Distribution

Percentile by Number Answered

Percent of People with Each Score

Your Score History

You have not taken this quiz